Statistics for UK Finch Species by Picture

Click here to take the quiz!

General Stats

  • This quiz has been taken 11 times
  • The average score is 8 of 15

Answer Stats

Answer% Correct
Bullfinch
100%
Chaffinch
100%
Goldfinch
86%
Greenfinch
86%
Parrot crossbill
71%
Brambling
57%
Hawfinch
57%
Common redpoll
43%
Siskin
43%
Common linnet
29%
Common rosefinch
29%
Lesser redpoll
29%
Red crossbill
14%
Serin
14%
Twite
14%

Score Distribution

Percentile by Number Answered

Percent of People with Each Score

Your Score History

You have not taken this quiz